000 00502nam a2200181Ia 4500
999 _c2360
_d2360
020 _a0-87834-092-0
082 _a363.96072 FAM;
245 0 _aFamily planning operations research: a book of readings
260 _aNew York
_bPopulation Council
_c1998
300 _a391p.
650 _aBirth control clinics - Management
650 _aFamily planning
650 _aBirth control - Research
650 _aOperations research
700 _aForeit, James R.
700 _aFrejka, Thomas
942 _cBK